Movies Quiz

Random Movies or Decade Quiz
Score 0/100 Timer 10:00
10 Plays Today
% Correct
James Stewart
85.5%
James Stewart
85.5%
James Stewart
85.5%
James Stewart
85.5%
James Stewart
85.5%
James Stewart
85.5%
James Stewart
85.5%
James Stewart
85.5%
James Stewart
85.5%
John Wayne
84.7%
John Wayne
84.7%
John Wayne
84.7%
John Wayne
84.7%
John Wayne
84.7%
John Wayne
84.7%
John Wayne
84.7%
John Wayne
84.7%
John Wayne
84.7%
Frank Sinatra
82.1%
Frank Sinatra
82.1%
Frank Sinatra
82.1%
Frank Sinatra
82.1%
Marilyn Monroe
81.6%
Marilyn Monroe
81.6%
Marilyn Monroe
81.6%
Humphrey Bogart
79.9%
Cary Grant
79.7%
Dean Martin & Jerry Lewis
75.4%
Dean Martin & Jerry Lewis
75.4%
Dean Martin & Jerry Lewis
75.4%
Dean Martin & Jerry Lewis
75.4%
Dean Martin & Jerry Lewis
75.4%
Dean Martin & Jerry Lewis
75.4%
Elizabeth Taylor
75.4%
% Correct
Marlon Brando
74.4%
Marlon Brando
74.4%
Marlon Brando
74.4%
Clark Gable
74.1%
Grace Kelly
72.1%
Rock Hudson
70.2%
Rock Hudson
70.2%
Rock Hudson
70.2%
Doris Day
69.4%
Doris Day
69.4%
Doris Day
69.4%
Bing Crosby
68.5%
Bing Crosby
68.5%
Bing Crosby
68.5%
Bing Crosby
68.5%
Bing Crosby
68.5%
Gary Cooper
68.1%
Gary Cooper
68.1%
Gary Cooper
68.1%
Gary Cooper
68.1%
Gary Cooper
68.1%
Gary Cooper
68.1%
Gary Cooper
68.1%
Spencer Tracy
65.2%
Spencer Tracy
65.2%
Bob Hope
64.3%
Bob Hope
64.3%
Bob Hope
64.3%
Bob Hope
64.3%
Gregory Peck
64.2%
Jerry Lewis
61%
Jerry Lewis
61%
Jerry Lewis
61%
Burt Lancaster
59.3%
% Correct
William Holden
57.6%
William Holden
57.6%
William Holden
57.6%
William Holden
57.6%
William Holden
57.6%
Elvis Presley
56.9%
Bud Abbott & Lou Costello
51.7%
Bud Abbott & Lou Costello
51.7%
Debbie Reynolds
47.8%
Betty Grable
46.7%
Betty Grable
46.7%
Glenn Ford
44.7%
Glenn Ford
44.7%
Glenn Ford
44.7%
Esther Williams
42.8%
Yul Brynner
42.7%
Yul Brynner
42.7%
Randolph Scott
41.4%
Randolph Scott
41.4%
Randolph Scott
41.4%
Randolph Scott
41.4%
Alan Ladd
40%
Alan Ladd
40%
Kim Novak
37.9%
Susan Hayward
36%
Susan Hayward
36%
Susan Hayward
36%
Jane Wyman
30.8%
Brigitte Bardot
30.7%
Clifton Webb
27.5%
Pat Boone
27.4%
June Allyson
27.2%

You're not logged in!

Compare scores with friends on all Sporcle quizzes.
OR
Log In

Sporcle TV

Today on Sporcle TV


Watch our educational content, quiz creation guides, and fun videos on Sporcle TV.

Show Comments

Extras

Top Quizzes Today


Score Distribution

Paid Content

Your Account Isn't Verified!

In order to create a playlist on Sporcle, you need to verify the email address you used during registration. Go to your Sporcle Settings to finish the process.

Report this User

Report this user for behavior that violates our Community Guidelines.

Details: